000 00534cam a2200193 4500500
005 20260329002634.0
041 _afre
042 _adc
100 1 0 _aDuru, Martin
_eauthor
245 0 0 _aLes tactiques
260 _c2013.
500 _a8
690 _aRuse
690 _astratégie
690 _aSun Tzu
690 _aTactique
786 0 _nPhilosophie magazine | 67 | 3 | 2013-03-01 | p. 45-45 | 1951-1787
856 4 1 _uhttps://shs.cairn.info/magazine-philosophie-magazine-2013-3-page-45?lang=fr&redirect-ssocas=7080
999 _c1816912
_d1816912